LEADER 00947nam a2200241 i 4500 001 000000175711 003 CaOOAMICUS 005 20081114000000.0 008 081114s1912 gw u000 u ger u 013 $a153194 040 $aSeMil$bita 100 1 $aHelbing, Robert.$0(OLS)http://semarc/name/65153 245 10$aAuswahl aus griechischen Papyri /$cvon Robert Helbing. 260 $aBerlin ; Leipzig :$bG. J. Göschen,$c1912. 300 $a146 p. :$b1 p. di tav. ;$c18 cm. 490 0 $aSammlung Göschen 650 4$aPapirologia greca.$0(OLS)http://semarc/subject/4692 830 0$aSammlung Göschen.$0(OLS)http://semarc/title/26719 850 $aSeMil 852 $aSeMil$W1$xVenegono$y1$m1X II 267$j237893$B126533$CSeMilBibl$Z2$F137195 $81 961 $aOmaggio: Altro 996 $6245$aAuswahl aus griechischen Papyri$9(OLS)http://semarc/title/250293 996 $6260$aBerlin ; Leipzig :$bG. J. Göschen$9(OLS)http://semarc/publisher/35303 LEADER 00956nam a2200241 4500 001 000000354729 003 CaOOAMICUS 005 20230726104246.0 008 230726s2009 it a 000 u ita r 020 $a978-88-6256-094-8 040 $aSeMil$bita 100 1 $aTamaro, Susanna <1957->.$0(OLS)http://semarc/name/6449 245 13$aIl grande albero :$bromanzo /$cSusanna Tamaro ; illustrazioni di Giulia Orecchia. 264 1$aMilano :$bSalani,$c2009. 300 $a153 p. :$bill. ;$c21 cm 700 1 $aOrecchia, Giulia.$0(OLS)http://semarc/name/117943 850 $aSeMil 852 $aSeMil$W1$xVenegono$y1$m1B III 271$j242824$B246021$CSeMilBibl$Z2$F246021 $81 961 $aAndreini don Luca - Omaggio 996 $6020$a978-88-6256-094-8$9(OLS)http://semarc/number/298541 996 $6245$aIl grande albero :$bromanzo$9(OLS)http://semarc/title/444880 996 $6264$aMilano :$bSalani$9(OLS)http://semarc/publisher/38155